000 00364nam a2200145Ia 4500
005 20260328101440.0
008 260328s9999||||xx |||||||||||||| ||und||
100 _aHauser, Arnold
245 0 _aHistoria Social de la Literatura y el Arte - Vol. 3 /
_cArnold Hauser
250 _a9a ed.
260 _bGuadarrama
300 _a306 p.
650 _aARTE
942 _cBK
999 _c8244
_d8244